000 00695nam a2200277Ia 4500
005 20260324150337.0
008 008 260324s9999 xx 000 0 eng d
020 _a9781003595632
037 _aEBOOK
040 _aCRL
040 _beng
040 _cCRL
041 _2eng
041 _aeng
084 _qCRL
100 _aWalford Johnson; John Whyman; George Wykes
_91226099
245 2 _aA Short Economic and Social History of Twentieth Century Britain
260 _bTaylor and Francis
260 _c1968
365 _a
365 _b145
856 _uhttp://www.taylorfrancis.com/books/9781003595632
942 _cEBOOK
999 _c1835387
_d1835387